Sports Quiz

Random Sports or Numbers Quiz
Score 0/15 Timer 04:00
0 Plays Today
Championships Driver % Correct
7Dale Earnhardt
93.1%
7Jimmie Johnson
91.7%
7Richard Petty
89.3%
4Jeff Gordon
88.9%
3Lee Petty
86.1%
3Tony Stewart
72.2%
3Darrell Waltrip
57.9%
3Cale Yarborough
54.6%
Championships Driver % Correct
2Terry Labonte
46.9%
2Ned Jarrett
39.3%
3David Pearson
38.6%
2Buck Baker
27%
2Tim Flock
24.5%
2Herb Thomas
18.8%
2Joe Weatherly
17.5%
Remove Ads.
Support Sporcle.
Get the best of Sporcle when you Go Orange. This ad-free experience offers more features, more stats, and more fun while also helping to support Sporcle. Thank you for becoming a member.

You're not logged in!

Compare scores with friends on all Sporcle quizzes.
OR
Log In

Sporcle TV

Today on Sporcle TV


Watch our educational content, quiz creation guides, and fun videos on Sporcle TV.

Show Comments

Extras

Top Quizzes Today


Score Distribution

Paid Content

Your Account Isn't Verified!

In order to create a playlist on Sporcle, you need to verify the email address you used during registration. Go to your Sporcle Settings to finish the process.

Report this User

Report this user for behavior that violates our Community Guidelines.

Details: